| 000 | 00952cam a22002771 4500 | ||
|---|---|---|---|
| 001 | 10548 | ||
| 003 | BD-RjUL | ||
| 005 | 20211208234956.0 | ||
| 008 | 140125s1967 enkabf b 001 0 eng | ||
| 035 | _a(BD-RjUL)10596 | ||
| 035 | _a(OCoLC)3145877 | ||
| 040 |
_aDLC _cTNJ _dOCoLC _dDLC _dBD-RjUL _beng |
||
| 041 | _aeng | ||
| 082 |
_a551.40994 _bLAN 1967 |
||
| 245 | 1 | 0 |
_aLandform studies from Australia and New Guinea; _cedited by J.N. Jennings and J.A. Mabbutt, with a foreword by Professor E.S. Hills. |
| 260 |
_aCambridge ; _aLondon : _bCambridge U.P., _cc1967. |
||
| 300 |
_axxiii, 434 p. : _b36 plates, maps, tables. diagrs. ; _c24 cm. |
||
| 504 | _aIncludes bibliographies and index. | ||
| 650 | 0 |
_aPhysical geography _zAustralia. _932607 |
|
| 650 | 0 |
_aPhysical geography _zNew Guinea. _932608 |
|
| 700 | 1 |
_aJennings, J. N. _932609 |
|
| 700 | 1 |
_aMabbutt, J. A. _932610 |
|
| 942 |
_2ddc _cBK |
||
| 999 |
_c10548 _d10548 |
||